Héctor, el hombre extraordinariamente fuerte /

Héctor trabaja en el Circo Extraordinario. Es un hombre fuerte, más que fuerte, es extraordinariamente fuerte. Con sus dedos puede levantar desde lavarropas hasta elefantes. Sin embargo, guarda un secreto: le encanta tejer. Esta cuestión será descubierta por unos personajes del circo que envidian su...

Descripción completa

Guardado en:
Autor Principal: Le Huche, Magalí.
Otros Autores: Cabrera, Delfina; trad.
Formato: Objeto Físico
Idioma:Spanish
Publicado: Buenos Aires : Adriana Hidalgo, 2023.
Edición:1a ed.
Series:Pípala
Colección ESI / Dirección de Educación Sexual Integral
Materias:
ESI
Acceso en línea:Clic aquí para acceder a las orientaciones pedagógicas para trabajar este material.
Etiquetas: Agregar Etiqueta
Sin Etiquetas, Sea el primero en etiquetar este registro!
LEADER 02252nrm a22003975a 4500
001 CEM.cems024401
008 241209s2023####ag#---############vlspa#d
005 20250425162310.0
245 1 0 |a Héctor, el hombre extraordinariamente fuerte /  |c Magalí Le Huche. 
250 |a 1a ed. 
260 |a Buenos Aires :  |b Adriana Hidalgo,  |c 2023. 
300 |a 48 p. 
490 1 |a Pípala 
490 1 |a Colección ESI / Dirección de Educación Sexual Integral 
500 |a Colección de la Dirección General de Cultura y Educación del Gobierno de la Provincia de Buenos Aires. 
500 |a Título original: Hector, l'homme extraordinairement fort. 
520 |a Héctor trabaja en el Circo Extraordinario. Es un hombre fuerte, más que fuerte, es extraordinariamente fuerte. Con sus dedos puede levantar desde lavarropas hasta elefantes. Sin embargo, guarda un secreto: le encanta tejer. Esta cuestión será descubierta por unos personajes del circo que envidian su fuerza y lo desafían, pero eso no hará que Héctor deje de hacer eso que tanto ama. 
020 |a 9789878969800 
100 1 |a Le Huche, Magalí. 
700 1 |a Cabrera, Delfina; trad. 
653 |a ESI 
653 |a Educación Sexual Integral 
653 |a Nuevas masculinidades 
653 |a Estereotipos de género 
653 |a Literatura infantil 
653 |a Literatura francesa 
856 |u https://continuemosestudiando.abc.gob.ar/contenido/hector-el-hombre-extraordinariamente-fuerte-2/  |y Clic aquí para acceder a las orientaciones pedagógicas para trabajar este material. 
859 |a CEMS  |b BIB. CEMS - Agricultura  |h 843.8  |i L524  |p A3740.24  |t Ej.1 
859 |a CEMS  |b BIB. CEMS - 11 de abril  |h 843.8  |i L524  |p 29667.24  |t Ej.1 
859 |a CEMS  |b BIB. CEMS - Ccias. Educacion  |h 843.8  |i L524  |k CE  |p 29666.24  |t Ej.1 
859 |a CEMS  |b BIB. CEMS - Inicial y Primaria  |h 843.8  |i L524  |k IP  |p 7006  |t Ej.2 
859 |a CEMS  |b BIB. CEMS - Agricultura  |h 843.8  |i L524  |p A3741.24  |t Ej.2 
859 |a CEMS  |b BIB. CEMS - 11 de abril  |h 843.8  |i L524  |p 29668.24  |t Ej.2 
859 |a CEMS  |b BIB. CEMS - Inicial y Primaria  |h 843.8  |i L524  |k IP  |p 7007  |t Ej.3 
859 |a CEMS  |b BIB. CEMS - Inicial y Primaria  |h 843.8  |i L524  |k IP  |p 7008  |t Ej.4 
859 |a CEMS  |b BIB. CEMS - Inicial y Primaria  |h 843.8  |i L524  |k IP  |p 7009  |t Ej.5